| 000 | 00396 a2200169 4500 | ||
|---|---|---|---|
| 001 | 068529 | ||
| 003 | OSt | ||
| 005 | 20220218165401.0 | ||
| 008 | |||
| 082 |
_a174.4 _bC81B |
||
| 100 | 1 | _aCory, Jacques | |
| 245 | 1 |
_aBusiness ethics _cby Jacques Cory |
|
| 260 |
_aNew York _bSpringer _c2009 |
||
| 300 | _a269p. | ||
| 653 | _aBusiness ethics | ||
| 942 |
_2ddc _cBK |
||
| 999 |
_c2185 _d2185 |
||